|
|
|
|
| LEADER |
00969nam a2200241 a 4500 |
| 001 |
154669 |
| 008 |
090809r20001982enk b 000 1 eng d |
| 020 |
|
|
|a 0141184213
|
| 040 |
|
|
|a MiU
|c MiU
|d NNC
|
| 082 |
0 |
0 |
|a 808.83/1
|2 21
|
| 100 |
1 |
|
|a Lawrence, D. H.
|q (David Herbert),
|d 1885-1930.
|
| 240 |
1 |
0 |
|a Short stories.
|k Selections
|
| 245 |
1 |
0 |
|a Selected short stories /
|c D.H. Lawrence ; edited with an introduction and notes by Brian Finney.
|
| 260 |
|
|
|a Harmondsworth, Middlesex, England ;
|a New York, N.Y. :
|b Penguin,
|c 1982.[reprinted 2000]
|
| 300 |
|
|
|a 540 p., [3] ;
|c 19 cm.
|
| 490 |
0 |
|
|a Penguin classics
|
| 504 |
|
|
|a Bibliography: p. [541]
|
| 541 |
1 |
|
|e 00011937
|
| 700 |
1 |
|
|a Finney, Brian.
|
| 650 |
|
0 |
|a Short stories.
|
| 852 |
4 |
|
|a Ayesha Abed Library
|j General Shelf.
|
| 999 |
|
|
|c 3368
|d 3368
|
| 952 |
|
|
|0 0
|1 0
|2 ddc
|4 0
|6 808_831000000000000_LAW
|7 0
|9 3059
|a BRACUL
|b BRACUL
|c GEN
|d 2009-08-31
|g 506.00
|l 13
|m 14
|o 808.831 LAW
|p 3010011937
|r 2025-08-13
|s 2025-08-06
|t 1
|w 2009-08-31
|y BK
|x $5.99
|